Statistics for Top 15 Worst Teams in NFL History

Click here to take the quiz!

General Stats

  • This quiz has been taken 113 times
  • The average score is 3 of 15

Answer Stats

RankYearTeam% Correct
#12008Detroit Lions
89%
#21976Tampa Bay Buccaneers
40%
#142007Miami Dolphins
30%
#152000San Diego Chargers
23%
#101996New York Jets
18%
#121944Chicago-Pittsburgh Cards/Steelers
16%
#61980New Orleans Saints
15%
#31990New England Patriots
14%
#111960Dallas Cowboys
13%
#71991Indianapolis Colts
13%
#51981Baltimore Colts
13%
#82001Carolina Panthers
12%
#131934Cincinnati Reds
10%
#91952Dallas Texans
10%
#41973Houston Oilers
8%

Score Distribution

Percentile by Number Answered

Percent of People with Each Score

Your Score History

You have not taken this quiz